[Event "Harbin U20 op"]
[Site "Harbin"]
[Date "2017.01.20"]
[Round "5"]
[White "Chiryasov, Sergey"]
[Black "Hu, Yu A"]
[Result "0-1"]
[WhiteElo "1982"]
[BlackElo "2066"]
[PlyCount "82"]
[EventDate "2017.01.18"]
[EventType "swiss"]
[EventRounds "9"]
[EventCountry "CHN"]
[SourceTitle "EXT 2018"]
[Source "ChessBase"]
[SourceDate "2017.10.13"]
[SourceVersion "1"]
[SourceVersionDate "2017.10.13"]
[SourceQuality "1"]

1. e4 c5 2. Nf3 d6 3. Bc4 Nc6 4. 0-0 g6 5. d4 cxd4 6. Nxd4 Bg7 7. Be3 Nf6 8. Nc3 0-0 9. Be2 Bd7 10. Rb1 Rc8 11. f3 Ne5 12. Kh1 Nc4 13. Bg1 a6 14. Bxc4 Rxc4 15. Nce2 Qa5 16. Nb3 Qd8 17. Qd3 Bb5 18. Nd2 Rc8 19. c4 Bd7 20. Nc3 Be6 21. Bd4 Nd7 22. Bxg7 Kxg7 23. f4 f6 24. b4 Bxc4 25. Nxc4 Qc7 26. Nxd6 Qxd6 27. Qxd6 exd6 28. Nd5 Rfe8 29. b5 a5 30. Rbd1 Rxe4 31. f5 Rcc4 32. g3 gxf5 33. b6 Rc2 34. Rc1 Ree2 35. Rxc2 Rxc2 36. Nc7 Kf7 37. Nb5 Ke7 38. Rd1 Ne5 39. Nd4 Rb2 40. Rc1 Rxb6 41. Rc7+ Nd7 0-1